|
|
|
|
| LEADER |
01151nam a22003252a 4500 |
| 001 |
000354245 |
| 003 |
CZ BrMZK |
| 005 |
20131001082114.0 |
| 007 |
ta |
| 008 |
980105s1972 xr f cze d |
| 015 |
|
|
|a cnb000435843
|
| 035 |
|
|
|a (OCoLC)42166021
|
| 040 |
|
|
|a ABA001
|b cze
|c PNA001
|d ABA001
|d BOA001
|
| 041 |
1 |
|
|a cze
|b eng
|b ger
|b rus
|
| 080 |
9 |
|
|a 159.9:371.1 +371.315.7(082)
|
| 080 |
9 |
|
|a 371.128.1/.2(082)
|
| 100 |
1 |
|
|a Fišer, Jan,
|d 1909-1979
|7 jk01031332
|4 com
|
| 245 |
1 |
0 |
|a Osobnost učitele a učení :
|b sborník studií /
|c uspořádali Jan Fišer a Josef Volný
|
| 250 |
|
|
|a 1. vyd.
|
| 260 |
|
|
|a Praha :
|b Univerzita Karlova,
|c 1972
|
| 300 |
|
|
|a 157 s. ;
|c 8°
|
| 490 |
1 |
|
|a Sborník pedagogické fakulty Univerzity Karlovy v Praze
|
| 504 |
|
|
|a Obsahuje bibliografie
|
| 546 |
|
|
|a Anglické, německé a ruské resumé
|
| 700 |
1 |
|
|a Volný, Josef,
|d 1913-
|7 jk01150546
|4 com
|
| 830 |
|
0 |
|a Sborník pedagogické fakulty Univerzity Karlovy v Praze
|
| 910 |
|
|
|a BOA001
|b 2-0688.699
|
| 990 |
|
|
|a BK
|
| 991 |
|
|
|b 201309
|
| 996 |
7 |
|
|b 2619811009
|c 2-0688.699
|l Sklad H1
|r Sklad / do 24 hodin
|n 44
|h HS212
|w 000354245
|u 000010
|a 1
|e BOA001
|j MZK50
|s A
|